Statistics for MLB 2022 Awards

Click here to take the quiz!

General Stats

  • This quiz has been taken 37 times
  • The average score is 47 of 60

Answer Stats

AwardTeamWinner% Correct
AL MVPYankeesAaron Judge
100%
AL Hank AaronYankeesAaron Judge
100%
NL Reliever OTYMetsEdwin Diaz
100%
AL ROTYMarinersJulio Rodriguez
100%
AL Cy YoungAstrosJustin Verlander
100%
NL Hank AaronCardinalsPaul Goldschmidt
100%
NL MVPCardinalsPaul Goldschmidt
100%
NL Cy YoungMarlinsSandy Alcantara
100%
AL 1B Gold GloveBlue JaysVladimir Guerrero Jr.
100%
AL OF Silver SluggerYankeesAaron Judge
94%
AL 3B Silver SluggerGuardiansJose Ramirez
94%
NL C Silver SluggerPhilliesJ.T. Realmuto
94%
NL C Gold GlovePhilliesJ.T. Realmuto
94%
AL OF Silver SluggerMarinersJulio Rodriguez
94%
AL OF Silver SluggerAngelsMike Trout
94%
NL RF Gold GloveDodgersMookie Betts
94%
NL 3B Silver SluggerCardinalsNolan Arenado
94%
NL 3B Gold GloveCardinalsNolan Arenado
94%
AL 2B Silver SluggerAstrosJose Altuve
91%
NL OF Silver SluggerDodgersMookie Betts
91%
NL SS Silver SluggerDodgersTrea Turner
91%
AL DH Silver SluggerAstrosYordan Alvarez
91%
AL C Silver SluggerBlue JaysAlejandro Kirk
88%
AL SS Gold GloveAstrosJeremy Pena
88%
NL ROTYBravesMichael Harris II
88%
NL 1B Silver SluggerCardinalsPaul Goldschmidt
88%
NLCS MVPPhilliesBryce Harper
85%
NL SS Gold GloveBravesDansby Swanson
85%
AL Reliever OTYGuardiansEmmanuel Clase
85%
AL RF Gold GloveAstrosKyle Tucker
82%
NL P Gold GloveBravesMax Fried
82%
AL 1B Silver SluggerRangersNathaniel Lowe
82%
AL P Gold GloveGuardiansShane Bieber
82%
AL SS Silver SluggerRed SoxXander Bogaerts
82%
ALCS MVPAstrosJeremy Pena
79%
NL OF Silver SluggerPhilliesKyle Schwarber
79%
NL 1B Gold GloveD-BacksChristian Walker
76%
NL 2B Silver SluggerMetsJeff McNeil
76%
World Series MVPAstrosJeremy Pena
76%
AL C Gold GloveYankeesJose Trevino
74%
NL OF Silver SluggerPadresJuan Soto
74%
NL Platinum GloveCardinalsNolan Arenado
74%
NL CF Gold GlovePadresTrent Grisham
74%
AL 2B Gold GloveGuardiansAndres Gimenez
71%
All Star Game MVPYankeesGiancarlo Stanton
71%
AL LF Gold GloveGuardiansSteven Kwan
68%
NL LF Gold GloveCubsIan Happ
62%
AL CF Gold GloveGuardiansMyles Straw
62%
AL UT Gold GloveYankeesDJ LeMahieu
59%
AL Comeback Player OTYAstrosJustin Verlander
59%
AL 3B Gold GloveOriolesRamon Urias
59%
AL Platinum GloveYankeesJose Trevino
56%
AL Manager OTYGuardiansTerry Francona
53%
NL 2B Gold GloveRockiesBrendan Rodgers
44%
NL Manager OTYMetsBuck Showalter
44%
NL UT Gold GloveCardinalsBrendan Donovan
41%
NL DH Silver SluggerPadresJosh Bell
41%
NL Comeback Player OTYCardinalsAlbert Pujols
35%
AL UT Silver SluggerTwinsLuis Arraez
32%
NL UT Silver SluggerPadresBrandon Drury
29%

Score Distribution

Percentile by Number Answered

Percent of People with Each Score

Your Score History

You have not taken this quiz